[Event "Penang op 10th"]
[Site "Penang"]
[Date "2018.12.07"]
[Round "7"]
[White "Ma, Ling"]
[Black "Ng, Tze Han"]
[Result "0-1"]
[WhiteElo "2025"]
[BlackElo "2150"]
[PlyCount "58"]
[EventDate "2018.12.03"]
[EventType "swiss"]
[EventRounds "9"]
[EventCountry "MAS"]
[SourceTitle "CBM 187 Extra"]
[Source "ChessBase"]
[SourceDate "2018.11.04"]
[SourceVersion "1"]
[SourceVersionDate "2018.11.04"]
[SourceQuality "1"]

1. Nf3 c5 2. g3 Nc6 3. d4 cxd4 4. Nxd4 Qb6 5. Nb3 Nf6 6. Bg2 d5 7. 0-0 e6 8. c4 dxc4 9. N3d2 Qa6 10. a4 Bb4 11. Na3 Bxa3 12. Rxa3 e5 13. a5 0-0 14. Bxc6 Qxc6 15. Qa4 Qxa4 16. Rxa4 c3 17. bxc3 Bh3 18. Re1 Rfd8 19. f3 Be6 20. Nc4 Rd5 21. Be3 Rb5 22. Rea1 Nd5 23. Bd2 f6 24. e4 Ne7 25. Be3 Rb3 26. Rc1 Nc6 27. a6 b5 28. Na5 bxa4 29. Nxc6 a3 0-1

[Event "Penang op 10th"]
[Site "Penang"]
[Date "2018.12.06"]
[Round "6"]
[White "Ng, Tze Han"]
[Black "Lioe, Dede"]
[Result "0-1"]
[WhiteElo "2150"]
[BlackElo "2320"]
[PlyCount "103"]
[EventDate "2018.12.03"]
[EventType "swiss"]
[EventRounds "9"]
[EventCountry "MAS"]
[SourceTitle "CBM 187 Extra"]
[Source "ChessBase"]
[SourceDate "2018.11.04"]
[SourceVersion "1"]
[SourceVersionDate "2018.11.04"]
[SourceQuality "1"]

1. Nf3 d5 2. c4 d4 3. d3 c5 4. e3 Nc6 5. exd4 cxd4 6. g3 g6 7. Bg2 Bg7 8. 0-0 Nh6 9. Bxh6 Bxh6 10. a3 a5 11. Re1 Bg7 12. Nbd2 0-0 13. c5 Ra6 14. Rc1 Bh6 15. Rc2 Qc7 16. Nc4 Be6 17. Rxe6 fxe6 18. Re2 Rf5 19. Rxe6 Rxc5 20. Qe2 Ra8 21. Nce5 Nxe5 22. Nxe5 Rc1+ 23. Bf1 Qc2 24. Qe4 Rf8 25. Ng4 Bg7 26. Rxe7 Qc6 27. Rxg7+ Kxg7 28. Qxd4+ Rf6 29. Nxf6 Qxf6 30. Qd7+ Kg8 31. Qxb7 Qe5 32. Qe4 Qxe4 33. dxe4 Rb1 34. b4 a4 35. b5 Kf8 36. Kg2 Ke7 37. Bc4 Rb3 38. Bd5 Rxa3 39. b6 Ra1 40. Bb3 Kd8 41. b7 Kc7 42. Bd5 a3 43. e5 Rb1 44. e6 Kd6 45. h4 Rxb7 46. Bxb7 a2 47. e7 Kxe7 48. Bd5 a1Q 49. Bf3 Kf6 50. Bg4 Ke5 51. Be2 Kd4 52. Bf1 0-1

[Event "Penang op 10th"]
[Site "Penang"]
[Date "2018.12.04"]
[Round "2"]
[White "Frost, Peter"]
[Black "Ng, Tze Han"]
[Result "1/2-1/2"]
[WhiteElo "1896"]
[BlackElo "2150"]
[PlyCount "132"]
[EventDate "2018.12.03"]
[EventType "swiss"]
[EventRounds "9"]
[EventCountry "MAS"]
[SourceTitle "CBM 187 Extra"]
[Source "ChessBase"]
[SourceDate "2018.11.04"]
[SourceVersion "1"]
[SourceVersionDate "2018.11.04"]
[SourceQuality "1"]

1. e4 e5 2. Nf3 Nc6 3. Nc3 Nf6 4. d4 exd4 5. Nxd4 Bb4 6. Nxc6 bxc6 7. Bd3 0-0 8. 0-0 d5 9. exd5 cxd5 10. Bg5 c6 11. Qf3 Bd6 12. Bxf6 Qxf6 13. Qxf6 gxf6 14. Rfe1 Rb8 15. Rab1 Be6 16. Ne2 c5 17. c3 Rb6 18. b3 Rfb8 19. h3 a5 20. Bc2 Be5 21. Red1 Rd8 22. a3 Bd6 23. Kf1 Bc7 24. b4 axb4 25. cxb4 cxb4 26. Rxb4 Rxb4 27. axb4 Bb6 28. Nd4 Rc8 29. Bf5 Bxd4 30. Bxe6 fxe6 31. Rxd4 Rc2 32. f4 Kf7 33. f5 Rb2 34. g3 Ke7 35. Ke1 Kd6 36. fxe6 Kxe6 37. Rh4 f5 38. Rxh7 Rxb4 39. Ke2 Rb3 40. Rg7 Ke5 41. h4 d4 42. h5 Rb2+ 43. Kd3 Rh2 44. Re7+ Kf6 45. Rd7 Rxh5 46. Rxd4 Rh3 47. Ke2 Rxg3 48. Kf2 Ra3 49. Rb4 Kg5 50. Rc4 Rd3 51. Ra4 Rd2+ 52. Kf3 Rd1 53. Rb4 Rf1+ 54. Kg2 Re1 55. Kf2 Re6 56. Ra4 Rb6 57. Rc4 Rb3 58. Ra4 f4 59. Ra8 Rb2+ 60. Kf3 Rb3+ 61. Kf2 Rb6 62. Rg8+ Kf5 63. Rf8+ Rf6 64. Rxf6+ Kxf6 65. Kf3 Kf5 66. Kf2 Ke4 1/2-1/2

[Event "Penang Mini op1st"]
[Site "Penang"]
[Date "2018.06.17"]
[Round "9"]
[White "Villanueva, Nelson"]
[Black "Ng, Tze Han"]
[Result "1-0"]
[WhiteElo "2069"]
[BlackElo "2167"]
[PlyCount "53"]
[EventDate "2018.06.13"]
[EventType "swiss"]
[EventRounds "9"]
[EventCountry "MAS"]
[SourceTitle "CBM 184 Extra"]
[Source "ChessBase"]
[SourceDate "2018.06.28"]
[SourceVersion "1"]
[SourceVersionDate "2018.06.28"]
[SourceQuality "1"]

1. e4 g6 2. d4 Bg7 3. Nc3 d6 4. Be3 a6 5. Qd2 b5 6. a4 b4 7. Na2 a5 8. c3 bxc3 9. Nxc3 Ba6 10. Bxa6 Nxa6 11. Rc1 c6 12. Nf3 Nf6 13. 0-0 0-0 14. Bh6 Rb8 15. Bxg7 Kxg7 16. e5 dxe5 17. dxe5 Nd5 18. Nd4 Ndb4 19. Rfd1 c5 20. Nf5+ Kh8 21. Qh6 gxf5 22. Rxd8 Rfxd8 23. Qh5 Nd3 24. Rd1 Nxe5 25. Rxd8+ Rxd8 26. Qxf5 f6 27. Qe6 1-0

[Event "Penang Mini op1st"]
[Site "Penang"]
[Date "2018.06.16"]
[Round "6"]
[White "Ng, Tze Han"]
[Black "Senador, Emmanuel"]
[Result "1-0"]
[WhiteElo "2167"]
[BlackElo "2326"]
[PlyCount "53"]
[EventDate "2018.06.13"]
[EventType "swiss"]
[EventRounds "9"]
[EventCountry "MAS"]
[SourceTitle "CBM 184 Extra"]
[Source "ChessBase"]
[SourceDate "2018.06.28"]
[SourceVersion "1"]
[SourceVersionDate "2018.06.28"]
[SourceQuality "1"]

1. Nf3 Nf6 2. c4 g6 3. g3 Bg7 4. Bg2 0-0 5. 0-0 d6 6. d4 c5 7. Nc3 Nc6 8. dxc5 dxc5 9. Be3 Be6 10. Qa4 Nd4 11. Bxd4 cxd4 12. Nb5 Nh5 13. Rfd1 Bd7 14. Nfxd4 a6 15. Bxb7 Qb6 16. Bxa8 Rxa8 17. Qa3 e5 18. c5 Qb8 19. c6 Bf8 20. Qf3 Bh3 21. c7 Qc8 22. Nc6 axb5 23. Rd8 Qxc7 24. Rxa8 Kg7 25. Ra7 Qd6 26. Rxf7+ Kg8 27. Rxf8+ 1-0

[Event "Olympiad-42"]
[Site "Baku"]
[Date "2016.09.02"]
[Round "1.2"]
[White "Hracek, Zbynek"]
[Black "Ng, Tze Han"]
[Result "1-0"]
[WhiteElo "2591"]
[BlackElo "2190"]
[PlyCount "97"]
[EventDate "2016.09.02"]
[EventType "team-swiss"]
[EventRounds "11"]
[EventCountry "AZE"]
[SourceTitle "CBM 175"]
[Source "ChessBase"]
[SourceDate "2016.11.10"]
[SourceVersion "1"]
[SourceVersionDate "2016.11.10"]
[SourceQuality "1"]
[WhiteTeam "Czech Republic"]
[BlackTeam "Malaysia"]
[WhiteTeamCountry "CZE"]
[BlackTeamCountry "MAS"]

1. d4 Nf6 2. c4 e6 3. Nc3 Bb4 4. Nf3 b6 5. Bd2 Bb7 6. g3 c5 7. dxc5 Bxc5 8. Bg2 0-0 9. 0-0 Be7 10. Rc1 d6 11. Bf4 a6 12. Qd2 Qc7 13. Rfd1 Rd8 14. b3 Ne4 15. Nxe4 Bxe4 16. h4 Bf8 17. Ng5 Bxg2 18. Kxg2 Qc6+ 19. f3 Nd7 20. Ne4 Nc5 21. Nc3 Nd7 22. Bg5 f6 23. Bf4 Rac8 24. a4 Kf7 25. e4 Kg8 26. h5 h6 27. Be3 Rb8 28. Qe2 Rdc8 29. Bd4 Be7 30. Kf2 Ne5 31. f4 Nd7 32. f5 e5 33. Be3 Nf8 34. Qd3 Rb7 35. Nd5 Bd8 36. Nb4 Qe8 37. Qd5+ Rf7 38. Nxa6 Kh8 39. g4 Ra7 40. Nb4 Bc7 41. Qb5 Nd7 42. Nd5 Ra5 43. Qb4 Rc5 44. Nxc7 R5xc7 45. Rxd6 Nc5 46. Kf3 Rc6 47. Rcd1 Qe7 48. Bxc5 bxc5 49. Rxc6 1-0

[Event "Penang op 6th"]
[Site "Penang"]
[Date "2014.12.10"]
[Round "5"]
[White "Azman Hisham, Nur Najiha"]
[Black "Ng, Tze Han"]
[Result "1/2-1/2"]
[WhiteElo "1974"]
[BlackElo "2279"]
[PlyCount "57"]
[EventDate "2014.12.08"]
[EventType "swiss"]
[EventRounds "9"]
[EventCountry "MAS"]
[SourceTitle "CBM 163 Extra"]
[Source "ChessBase"]
[SourceDate "2014.12.23"]
[SourceVersion "1"]
[SourceVersionDate "2014.12.23"]
[SourceQuality "1"]

1. d4 Nf6 2. c4 e6 3. Nf3 b6 4. Nc3 Bb7 5. Qc2 c5 6. Bg5 Bxf3 7. exf3 cxd4 8. Ne4 Bb4+ 9. Bd2 Bxd2+ 10. Nxd2 Nc6 11. a3 Rc8 12. Bd3 0-0 13. 0-0 Ne5 14. f4 Nxc4 15. Bxc4 d5 16. Qd3 dxc4 17. Nxc4 Qd5 18. Ne5 Rfd8 19. Rfd1 Qe4 20. Qxe4 Nxe4 21. Rac1 Nc5 22. Rc4 f6 23. Nf3 Nb3 24. Rxc8 Rxc8 25. g3 a5 26. Nd2 Nc1 27. Nf3 Rc4 28. Nxd4 Rxd4 29. Rxc1 1/2-1/2

[Event "Penang op 6th"]
[Site "Penang"]
[Date "2014.12.10"]
[Round "4"]
[White "Ng, Tze Han"]
[Black "Narayanan, Srinath"]
[Result "0-1"]
[WhiteElo "2279"]
[BlackElo "2461"]
[PlyCount "76"]
[EventDate "2014.12.08"]
[EventType "swiss"]
[EventRounds "9"]
[EventCountry "MAS"]
[SourceTitle "CBM 163 Extra"]
[Source "ChessBase"]
[SourceDate "2014.12.23"]
[SourceVersion "1"]
[SourceVersionDate "2014.12.23"]
[SourceQuality "1"]

1. Nf3 c5 2. c4 Nc6 3. d4 cxd4 4. Nxd4 Nf6 5. Nc3 e6 6. a3 Bc5 7. Nb3 Be7 8. e4 0-0 9. Be3 b6 10. Be2 Ba6 11. f4 d6 12. Nd2 d5 13. cxd5 Bxe2 14. Qxe2 exd5 15. 0-0-0 dxe4 16. Ndxe4 Qc8 17. Qc2 Nxe4 18. Nxe4 Qe6 19. Rhe1 Rfc8 20. Nc3 Bf6 21. Kb1 g6 22. h3 Bg7 23. g4 Rd8 24. Bf2 Rxd1+ 25. Qxd1 Qf6 26. Qd7 Rf8 27. Re4 g5 28. Be3 h6 29. Bc1 Nb8 30. Qb5 Qd6 31. fxg5 hxg5 32. Qxg5 Qd3+ 33. Ka1 Qxh3 34. Re2 Nc6 35. Bf4 Nd4 36. Rf2 Re8 37. Nd5 Re1+ 38. Bc1 Rxc1+ 0-1

[Event "Kuala Lumpur op 10th"]
[Site "Kuala Lumpur"]
[Date "2013.08.10"]
[Round "2"]
[White "Ng, Tze Han"]
[Black "Kunte, Abhijit"]
[Result "1/2-1/2"]
[WhiteElo "2288"]
[BlackElo "2489"]
[PlyCount "30"]
[EventDate "2013.08.10"]
[EventType "swiss"]
[EventRounds "9"]
[EventCountry "MAS"]
[SourceTitle "CBM 156 Extra"]
[Source "ChessBase"]
[SourceDate "2013.10.22"]
[SourceVersion "1"]
[SourceVersionDate "2013.10.22"]
[SourceQuality "1"]

1. d4 Nf6 2. Nf3 d5 3. c4 e6 4. g3 Bb4+ 5. Bd2 Be7 6. Bg2 0-0 7. 0-0 c6 8. Qc2 b6 9. b3 a5 10. Bf4 Nbd7 11. Rd1 Bb7 12. Nc3 Rc8 13. e4 Ba6 14. Bf1 dxe4 15. Nxe4 b5 1/2-1/2

[Event "Kuala Lumpur Masters"]
[Site "Kuala Lumpur"]
[Date "2013.06.25"]
[Round "7"]
[White "Lim, Chuin Hoong Ronnie"]
[Black "Ng, Tze Han"]
[Result "0-1"]
[WhiteElo "2349"]
[BlackElo "2298"]
[PlyCount "128"]
[EventDate "2013.06.22"]
[EventType "tourn"]
[EventRounds "9"]
[EventCountry "MAS"]
[SourceTitle "CBM 155 Extra"]
[Source "ChessBase"]
[SourceDate "2013.08.26"]
[SourceVersion "1"]
[SourceVersionDate "2013.08.26"]
[SourceQuality "1"]

1. e4 e5 2. Nf3 Nc6 3. Bc4 Nf6 4. d3 Be7 5. Bb3 0-0 6. 0-0 d6 7. c3 Be6 8. Bc2 d5 9. Qe2 d4 10. Ng5 Bg4 11. f3 Bh5 12. Kh1 Nd7 13. Nh3 Nc5 14. g4 Bg6 15. Nd2 Qd7 16. Rd1 b5 17. Bb3 dxc3 18. bxc3 b4 19. Bd5 bxc3 20. Nc4 Nd4 21. Qf2 c2 22. Rd2 Rab8 23. Nb2 a5 24. Ng1 c6 25. Bc4 a4 26. Rxc2 Nxc2 27. Qxc2 Qd4 28. Rb1 Rfd8 29. a3 h5 30. h3 Nb3 31. Nxa4 Nxc1 32. Rxc1 Bxa3 33. Rf1 Be7 34. Nc3 Bg5 35. Nd1 Rb4 36. Ne2 Qd6 37. Ng3 Bf4 38. gxh5 Bh7 39. Rg1 Qf6 40. Qg2 Rb1 41. Ne2 Bh6 42. Nec3 Ra1 43. Qg4 Kh8 44. Rg2 Rg8 45. Kg1 g6 46. Kf1 gxh5 47. Qxh5 Rxg2 48. Kxg2 Qg6+ 49. Qxg6 Bxg6 50. Nf2 Bh5 51. Ng4 Bxg4 52. fxg4 f6 53. Na2 Bd2 54. h4 Kg7 55. Kf3 Rh1 56. h5 Kh6 57. Be6 Kg5 58. Kg2 Re1 59. Kf2 Kf4 60. Kg2 Re2+ 61. Kh3 Re3+ 62. Kg2 Kg5 63. Bc4 Kxg4 64. h6 Re2+ 0-1

[Event "Kuala Lumpur Masters"]
[Site "Kuala Lumpur"]
[Date "2013.06.23"]
[Round "2"]
[White "Ng, Tze Han"]
[Black "Teh, Eu Wen Aron"]
[Result "0-1"]
[WhiteElo "2298"]
[BlackElo "1981"]
[PlyCount "118"]
[EventDate "2013.06.22"]
[EventType "tourn"]
[EventRounds "9"]
[EventCountry "MAS"]
[SourceTitle "CBM 155 Extra"]
[Source "ChessBase"]
[SourceDate "2013.08.26"]
[SourceVersion "1"]
[SourceVersionDate "2013.08.26"]
[SourceQuality "1"]

1. d4 Nf6 2. Nf3 e6 3. c4 b6 4. g3 Bb7 5. Bg2 Be7 6. 0-0 0-0 7. Re1 d5 8. cxd5 exd5 9. Nc3 Na6 10. Bf4 Re8 11. Qa4 c5 12. dxc5 Nxc5 13. Qd1 Nfe4 14. Nb5 Ne6 15. Be3 Bf6 16. Nbd4 Nd6 17. b3 Qe7 18. Rc1 Rac8 19. Qd3 Rxc1 20. Rxc1 Nxd4 21. Nxd4 Bxd4 22. Qxd4 Nf5 23. Qf4 Nxe3 24. Qxe3 Qxe3 25. fxe3 Kf8 26. Kf2 f6 27. h4 Re7 28. b4 Ke8 29. Bf3 Kd7 30. Rd1 Ke6 31. b5 Rc7 32. Rd4 Ke5 33. g4 g6 34. Ke1 h6 35. Kd2 g5 36. hxg5 hxg5 37. Rd3 Rc5 38. Ra3 Rxb5 39. Rxa7 Bc8 40. Ra4 Ra5 41. Rb4 Rxa2+ 42. Ke1 Ra6 43. Rb5 Bb7 44. Kd2 Bc6 45. Rb1 b5 46. Kc3 Ra4 47. Kb3 Bd7 48. Rd1 Be6 49. Kb2 Rc4 50. Rd3 b4 51. Rd1 d4 52. exd4+ Rxd4 53. Rg1 Kf4 54. e3+ Kxe3 55. Bd1 Kf2 56. Rh1 Bd5 57. Rh6 Rxd1 58. Rxf6+ Bf3 59. Kb3 Rd4 0-1

[Event "Penang op 4th"]
[Site "Penang"]
[Date "2012.12.11"]
[Round "2"]
[White "Ng, Tze Han"]
[Black "Dutton, Lucas Matthew"]
[Result "1-0"]
[WhiteElo "2294"]
[BlackElo "1660"]
[PlyCount "109"]
[EventDate "2012.12.11"]
[EventType "swiss"]
[EventRounds "9"]
[EventCountry "MAS"]
[SourceTitle "EXT 2014"]
[Source "ChessBase"]
[SourceDate "2013.11.20"]
[SourceVersion "1"]
[SourceVersionDate "2013.11.20"]
[SourceQuality "1"]

1. Nf3 e6 2. c4 f5 3. g3 Nf6 4. Bg2 d5 5. 0-0 c6 6. d3 Bd6 7. Nbd2 0-0 8. cxd5 cxd5 9. e4 Nc6 10. Re1 Qc7 11. exf5 exf5 12. Nb3 f4 13. Bd2 Bg4 14. Bc3 fxg3 15. hxg3 Qb6 16. d4 Ne4 17. Re3 Rf7 18. Qd3 Raf8 19. Rf1 Nxc3 20. bxc3 Bf5 21. Qd1 Bg4 22. Qd3 Bf5 23. Qd2 Be7 24. Ne5 Nxe5 25. Rxe5 Be4 26. Bxe4 dxe4 27. Rxe4 Qg6 28. Qe2 Bg5 29. Re6 Qf5 30. Re5 Qg6 31. Qg4 Rf5 32. Rxf5 Qxf5 33. Qxf5 Rxf5 34. c4 Rf3 35. d5 Rc3 36. c5 Rd3 37. d6 b6 38. f4 Bd8 39. c6 Rxd6 40. Rc1 Bc7 41. Kg2 Rd3 42. Rc4 Kf7 43. Nd4 a6 44. a4 Ke7 45. Kf2 Kd6 46. Nf5+ Kd5 47. Rc2 g6 48. Ne3+ Kd6 49. Nc4+ Ke6 50. Rb2 Rc3 51. Nxb6 Rxc6 52. Re2+ Kf5 53. Nd5 Bb6+ 54. Kf3 h5 55. Re5# 1-0

[Event "Kuala Lumpur DYTM op"]
[Site "Kuala Lumpur"]
[Date "2012.09.22"]
[Round "8"]
[White "Ng, Tze Han"]
[Black "Dableo, Ronald"]
[Result "1/2-1/2"]
[WhiteElo "2285"]
[BlackElo "2430"]
[PlyCount "89"]
[EventDate "2012.09.18"]
[EventType "swiss"]
[EventRounds "9"]
[EventCountry "MAS"]
[SourceTitle "CBM 150 Extra"]
[Source "ChessBase"]
[SourceDate "2012.10.19"]
[SourceVersion "1"]
[SourceVersionDate "2012.10.19"]
[SourceQuality "1"]

1. d4 Nf6 2. Nf3 g6 3. c4 Bg7 4. g3 d6 5. Bg2 0-0 6. 0-0 c6 7. Nc3 a6 8. h3 b5 9. cxb5 axb5 10. b4 Na6 11. Rb1 Bf5 12. Rb2 Ne4 13. Nb1 d5 14. Ne5 f6 15. Nxc6 Qd7 16. Na5 Nxb4 17. Rxb4 Rxa5 18. Qb3 Kh8 19. Nd2 Be6 20. Rd1 Ng5 21. h4 Nf7 22. Nb1 Rc8 23. Nc3 Rc4 24. Bd2 Nd8 25. Rxc4 bxc4 26. Qb8 Bg8 27. Rb1 e5 28. Rb5 Nc6 29. Qb6 Rxb5 30. Qxb5 exd4 31. Nxd5 c3 32. Bf4 Ne5 33. Qb8 Nc4 34. a4 h5 35. Qb5 Qxb5 36. axb5 f5 37. Nb4 Bf8 38. Nd3 c2 39. Ne1 Ne3 40. Nxc2 Nxc2 41. b6 Nb4 42. b7 Na6 43. b8Q Nxb8 44. Bxb8 Bc4 45. Bf1 1/2-1/2

[Event "Kuala Lumpur DYTM op"]
[Site "Kuala Lumpur"]
[Date "2012.09.19"]
[Round "4"]
[White "Ng, Tze Han"]
[Black "Ngo, Thi Kim Tuyen"]
[Result "0-1"]
[WhiteElo "2285"]
[BlackElo "2054"]
[PlyCount "194"]
[EventDate "2012.09.18"]
[EventType "swiss"]
[EventRounds "9"]
[EventCountry "MAS"]
[SourceTitle "CBM 150 Extra"]
[Source "ChessBase"]
[SourceDate "2012.10.19"]
[SourceVersion "1"]
[SourceVersionDate "2012.10.19"]
[SourceQuality "1"]

1. Nf3 Nf6 2. c4 b6 3. g3 Bb7 4. Bg2 g6 5. 0-0 Bg7 6. Nc3 0-0 7. d4 d6 8. d5 Nbd7 9. Nd4 a5 10. b3 Nc5 11. Bb2 Kh8 12. a3 e5 13. Ndb5 Qe7 14. e4 Rad8 15. b4 Na6 16. Qb3 Ng4 17. h3 Nh6 18. Rae1 Qd7 19. f4 Rde8 20. Nd1 c6 21. Nbc3 cxd5 22. cxd5 f5 23. Ne3 Rf7 24. fxe5 dxe5 25. Nc4 axb4 26. axb4 b5 27. Na5 Ba8 28. Kh2 fxe4 29. Bxe4 Nf5 30. Qd1 Nxb4 31. Qb3 Na6 32. Qxb5 Qxb5 33. Nxb5 Rb8 34. Bd3 Nb4 35. Bc4 Bxd5 36. Bxe5 Bxc4 37. Bxb8 Bxb5 38. Rf3 Nc2 39. Rc1 Ncd4 40. Rc8+ Rf8 41. Rxf8+ Bxf8 42. Be5+ Kg8 43. Rf4 Ne2 44. Re4 Bd3 45. Ra4 Ne3 46. Nb7 Nc4 47. Ba1 Nd2 48. Kg2 Be4+ 49. Kf2 Nxg3 50. Kxg3 Bxb7 51. Be5 Ne4+ 52. Kh2 Bc5 53. Ra2 Kf7 54. Rb2 Bc6 55. Rc2 Ke6 56. Bf4 h5 57. Bc7 Bd5 58. Re2 Kf5 59. Re1 h4 60. Rf1+ Ke6 61. Re1 Kd7 62. Bf4 Ke6 63. Bc7 g5 64. Bb8 Kf7 65. Rd1 Ke6 66. Re1 Bf2 67. Re2 Kf5 68. Rb2 Bg3+ 69. Bxg3 hxg3+ 70. Kg2 Kf4 71. Rb4 Ke5 72. Rb2 Kf5 73. Rb8 Kg6 74. Rb6+ Kf5 75. Rb8 Kf4 76. Rb4 Be6 77. Ra4 Bf5 78. Rb4 g4 79. h4 Bc8 80. h5 Bf5 81. h6 Kg5 82. Rb6 Bg6 83. Rb5+ Kxh6 84. Re5 Kg7 85. Ra5 Kf6 86. Ra6+ Kg5 87. Ra8 Kf4 88. Ra4 Be8 89. Rb4 Bc6 90. Rd4 Bb5 91. Rd8 Be2 92. Rf8+ Ke3 93. Re8 Bf3+ 94. Kg1 g2 95. Re7 Kf4 96. Kh2 Ng5 97. Ra7 g3+ 0-1

[Event "Wah Seong IM"]
[Site "Penang"]
[Date "2000.02.28"]
[Round "3"]
[White "Mok, Tze Meng"]
[Black "Ng, Tze Han"]
[Result "1-0"]
[WhiteElo "2270"]
[BlackElo "2216"]
[PlyCount "78"]
[EventDate "2000.02.26"]
[EventType "tourn"]
[EventRounds "9"]
[EventCountry "MAS"]
[EventCategory "5"]
[SourceTitle "CBM 074 Extra"]
[Source "ChessBase"]
[SourceDate "2000.03.10"]
[SourceVersion "2"]
[SourceVersionDate "2000.03.10"]
[SourceQuality "1"]

1. g3 Nf6 2. Bg2 g6 3. e4 d6 4. f4 Bg7 5. d3 c5 6. Nf3 Nc6 7. 0-0 0-0 8. Nh4 Qc7 9. f5 b5 10. a4 b4 11. Bf4 Bb7 12. Nd2 Nd4 13. g4 Nd7 14. Nc4 Ne5 15. Ne3 Qd8 16. g5 Rc8 17. Bh3 c4 18. fxg6 hxg6 19. Bxc8 Qxc8 20. Bxe5 dxe5 21. Nf3 b3 22. Nxd4 exd4 23. Nxc4 Bxe4 24. dxe4 Qxc4 25. cxb3 Qc5 26. Qc1 Qe5 27. Qf4 Qe6 28. Qf3 Rb8 29. Ra3 Be5 30. b4 Rxb4 31. Qh3 Qc4 32. Raf3 d3 33. Rxf7 Qd4+ 34. R1f2 Bg7 35. Qc8+ Kh7 36. R7f4 Qxe4 37. Rxe4 Rxe4 38. Qh3+ Kg8 39. Qxd3 Rg4+ 1-0

[Event "Wah Seong IM"]
[Site "Penang"]
[Date "2000.02.26"]
[Round "1"]
[White "Lim, Chuin Hoong Ronnie"]
[Black "Ng, Tze Han"]
[Result "1/2-1/2"]
[WhiteElo "2214"]
[BlackElo "2216"]
[PlyCount "37"]
[EventDate "2000.02.26"]
[EventType "tourn"]
[EventRounds "9"]
[EventCountry "MAS"]
[EventCategory "5"]
[SourceTitle "CBM 074 Extra"]
[Source "ChessBase"]
[SourceDate "2000.03.10"]
[SourceVersion "2"]
[SourceVersionDate "2000.03.10"]
[SourceQuality "1"]

1. e4 e5 2. Nf3 Nf6 3. d3 Nc6 4. Be2 d5 5. Nbd2 Bc5 6. 0-0 0-0 7. c3 a5 8. b3 Re8 9. a3 d4 10. c4 Bf8 11. h3 g6 12. Nh2 Qe7 13. Nb1 Bg7 14. Ra2 Nd8 15. f4 exf4 16. Bxf4 Ne6 17. Bd2 Nd7 18. Qe1 b6 19. Ng4 1/2-1/2

[Event "Asia-chT fin 12th"]
[Site "Shenyang"]
[Date "1999.10.14"]
[Round "6"]
[White "Ng, Tze Han"]
[Black "Tuvsanaa, Nyamaa"]
[Result "1-0"]
[WhiteElo "2200"]
[BlackElo "2347"]
[PlyCount "63"]
[EventDate "1999.10.10"]
[EventType "team"]
[EventRounds "9"]
[EventCountry "CHN"]
[SourceTitle "EXT 2000"]
[Source "ChessBase"]
[SourceDate "1999.11.16"]
[SourceVersion "1"]
[SourceVersionDate "1999.11.16"]
[SourceQuality "1"]
[WhiteTeam "Malaysia"]
[BlackTeam "Mongolia"]
[WhiteTeamCountry "MAS"]
[BlackTeamCountry "MGL"]

1. e4 e6 2. d4 d5 3. Nc3 Nf6 4. e5 Nfd7 5. f4 c5 6. Nf3 Nc6 7. Be3 cxd4 8. Nxd4 Qb6 9. Qd2 Qxb2 10. Rb1 Qa3 11. Bb5 Nxd4 12. Bxd4 Bb4 13. Rb3 Qa5 14. 0-0 a6 15. Rfb1 Be7 16. Bxd7+ Bxd7 17. Qe3 Rc8 18. Rxb7 Bc5 19. Bxc5 Rxc5 20. Nb5 0-0 21. Qxc5 Bxb5 22. a3 Qa4 23. Qf2 Qxa3 24. h4 Qc3 25. Rb3 Qc4 26. Rg3 Qe4 27. h5 h6 28. Qf3 Qe1+ 29. Kh2 Be2 30. Qe3 Qf1 31. f5 Kh7 32. f6 1-0

[Event "Asia-chT fin 12th"]
[Site "Shenyang"]
[Date "1999.10.10"]
[Round "1"]
[White "Ng, Tze Han"]
[Black "Villamayor, Buenaventura"]
[Result "0-1"]
[WhiteElo "2200"]
[BlackElo "2447"]
[PlyCount "206"]
[EventDate "1999.10.10"]
[EventType "team"]
[EventRounds "9"]
[EventCountry "CHN"]
[SourceTitle "EXT 2000"]
[Source "ChessBase"]
[SourceDate "1999.11.16"]
[SourceVersion "1"]
[SourceVersionDate "1999.11.16"]
[SourceQuality "1"]
[WhiteTeam "Malaysia"]
[BlackTeam "Philippines"]
[WhiteTeamCountry "MAS"]
[BlackTeamCountry "PHI"]

1. e4 e6 2. d4 d5 3. Nc3 Bb4 4. e5 c5 5. a3 Bxc3+ 6. bxc3 Qc7 7. Nf3 b6 8. Bb5+ Bd7 9. Bd3 Ba4 10. 0-0 h6 11. Nh4 Ne7 12. f4 g6 13. Be3 cxd4 14. cxd4 Nbc6 15. Qe1 Na5 16. g4 Nc4 17. f5 gxf5 18. gxf5 0-0-0 19. f6 Rdg8+ 20. Kh1 Nc6 21. Rg1 N6xe5 22. dxe5 Qxe5 23. Bf2 Rxg1+ 24. Qxg1 Qxf6 25. Rf1 Bc6 26. Bg3 Qxh4 27. Bxh4 d4+ 28. Qg2 Bxg2+ 29. Kxg2 Ne3+ 30. Kf2 Nxf1 31. Bxf1 Kd7 32. Bf6 Rc8 33. Bd3 Kd6 34. Bxd4 f5 35. Bg7 Rg8 36. Bc3 Kd5 37. Kf3 Rg1 38. Kf2 Rg5 39. Bd2 Rg6 40. h4 e5 41. h5 Rd6 42. Ke1 e4 43. Bb5 Ke5 44. Be8 f4 45. Bc3+ Kf5 46. Bb4 Rd8 47. Bg6+ Kg4 48. Ke2 e3 49. Bc3 Rd7 50. Be4 Kxh5 51. Kf3 Kg5 52. Be5 Rf7 53. Bd3 h5 54. Bc4 Rf5 55. Bd6 h4 56. Be6 Ra5 57. Bxf4+ Kf6 58. Bb3 h3 59. Kxe3 Rxa3 60. Kf2 Kf5 61. Bd6 Ra1 62. Kg3 a5 63. Kxh3 a4 64. Bc4 a3 65. Bb4 a2 66. Bc3 Rh1+ 67. Kg3 a1Q 68. Bxa1 Rxa1 69. Kf3 Ke5 70. Ke3 Rg1 71. Bd3 Rg3+ 72. Kd2 Kd4 73. c3+ Ke5 74. Kc2 Kd5 75. Bb5 Kc5 76. Bd3 Rh3 77. Bf1 Rg3 78. Bd3 Kd5 79. Bb5 Ke5 80. Bd3 Kf4 81. Bb5 Ke3 82. Bf1 Rf3 83. Bb5 Rf2+ 84. Kb3 Kd2 85. c4 Rf5 86. Kb4 Rc5 87. Ba6 Kd3 88. Bb5 Kd4 89. Ba6 Ra5 90. Bc8 Re5 91. Bb7 Rc5 92. Ba6 Ke5 93. Bb5 Kd6 94. Kb3 Rg5 95. Kb4 Rg1 96. Ba6 Rb1+ 97. Kc3 Kc5 98. Kc2 Ra1 99. Bb5 Ra3 100. Kb2 Kb4 101. Kc2 Rc3+ 102. Kb2 Rxc4 103. Bxc4 Kxc4 0-1